Quiz IPGP koh lanta - Statistiques

Statistiques générales
  • Ce quiz a été pris 16 fois
  • Le résultat moyen est 5 sur 17
Statistiques - réponses
Hint Réponse % Correct
Couleur préférée de Gabriel Vert
89%
Mois de rupture de Pierre avec son ex Septembre
56%
Nombre abonné compte astro de Cédric 50000
33%
Origine de Cédric Chinois
33%
Emplacement cicatrice Jeanne Menton
33%
Nom prof possédant un strabisme Mourad
33%
Nom marque Mathis M Tusk
33%
Sport de Mathis M Athlétisme
22%
Addiction Mathis R Casino
22%
Jeu préféré de Pierre Fortnite
22%
Nom ex/meuf de Mathis R Lilia
22%
Nom meilleur pote de Martin Raphaël
22%
Endroit où Martin a pecho pour la 1ere fois Clémence Soirée de la fac
22%
Nom petit frere Ambre Arsen
11%
Cadeau d’anniversaire Ambre Casque Apple
11%
Nom de la meuf de Gabriel Lou
11%
Où habite Jeanne Montreuil
11%
Aucun quiz correspondant
Distribution des résultats
% des personnes avec chaque résultat
Percentile par nombre de réponses
Votre historique - résultats
Vous n’avez pas pris ce quiz